| 000 | 00547nam a22001937a 4500 | ||
|---|---|---|---|
| 005 | 20260217125207.0 | ||
| 008 | 260217b xxu||||| |||| 00| 0 eng d | ||
| 020 |
_a81 7824090 4 _cRs.695.00 |
||
| 040 | _aRBU-Library | ||
| 041 | _aEnglish | ||
| 082 |
_a320.954 _bN176 |
||
| 100 |
_aNanda, Meera _91201 |
||
| 245 |
_aProphets facing backward: _bpostmodernism, science, and Hindu nationalism |
||
| 260 |
_aDelhi: _bPermanent Black, _c2004 |
||
| 300 | _a308p. | ||
| 650 |
_aPolitical science _91202 |
||
| 650 |
_aNationalism _91203 |
||
| 942 | _cDB | ||
| 999 |
_c123414 _d123414 |
||